Random U.S. President Scramble - Statistics

General Stats
  • This quiz has been taken 78 times
  • The average score is 13 of 16
Answer Stats
Hint U.S. President % Correct
ftat Taft
100%
kolp Polk
98%
baaom Obama
97%
dmaas Adams
90%
shyae Hayes
90%
uacnbanh Buchanan
89%
orveho Hoover
89%
hagwisntno Washington
87%
nrfeojfes Jefferson
82%
cirepe Pierce
80%
dansoim Madison
77%
socajnk Jackson
75%
milfroe Filmore
74%
cylinmek McKinley
70%
trahru Arthur
57%
uvnnrbae Van Buren
48%
No matching quizzes found
Score Distribution
Percent of People with Each Score
Percentile by Number Answered
Your Score History
You have not taken this quiz